Rob's General Knowledge - Multiple Choice #8 - Statistics

General Stats
  • This quiz has been taken 20 times
  • The average score is 5 of 20
Answer Stats
Question Answer % Correct
A screwdriver cocktail consists of orange juice and which spirit? Vodka
75%
Which classic war movie tells the story of Operation Market Garden? A Bridge Too Far
50%
Which English school has produced the greatest number of British Prime Ministers? Eton
50%
Which major historical figure was born in the Khentii Mountains under the name Temujin? Genghis Khan
50%
Telemachus was the son of which legendary hero of Greek mythology? Odysseus
50%
The Dong is the official currency of which Southeast Asian country? Vietnam
50%
Which former country officially ceased to exist on 27 April 1992? Yugoslavia
50%
Which of the following is NOT a real element of the periodic table? Amazonium
25%
What was the capital of West Germany? Bonn
25%
Which of the following events did not happen on Christmas Day? Fidel Castro overthrows the Cuban government
25%
In July 2024, which original item of clothing from the Star Wars franchise sold at auction for $175,000? Princess Leia's gold bikini
25%
Scott Joplin was known as 'The King' which variety of music? Ragtime
25%
Which legendary actor delivers the sinister monologue in Michael Jackson's 'Thriller'? Vincent Price
25%
Eccentric philosopher Jeremy Bentham kept what item as a pet? A teapot
0%
Which British city has the postal code BT? Belfast
0%
Kwame Nkrumah was the first prime minister of which African country? Ghana
0%
Who played the title role in Monty Python's Life of Brian? Graham Chapman
0%
Who was the last Plantagenet king of England? Richard III
0%
What does the Japanese word 'tsujigiri' mean? To test out a new sword on a passing stranger
0%
Saparmurat Niyazov was the dictator of which Central Asian country? Turkmenistan
0%
No matching quizzes found
Score Distribution
Percent of People with Each Score
Percentile by Number Answered
Your Score History
You have not taken this quiz